Британские литераторы - Армагеддон - Statistics

General Stats
  • This quiz has been taken 14 times
  • The average score is 5 of 25
Answers on the Grid
Answers color-coded by a green-red scale on the quiz's grid according to % correct below.
Джейн Остин
Дуглас Коупленд
Джером Сэлинджер
Льюис Кэрролл
Клайв Льюис
Артур Кларк
Клиффорд Симак
Роберт Шекли
Ральф Эллисон
Джон Голсуорси
Ян Флеминг
Труман Капоте
Дуглас Адамс
Джек Лондон
Джером К. Джером
Кен Кизи
Ральф Эмерсон
Шарлотта Бронте
Ричард Бах
Герберт Уэллс
Брюс Стерлинг
Джордж Байрон
Джон Кеннеди Тул
Ник Хорнби
Ирвинг Стоун
Элис Сиболд
Том Стоппард
Редьярд Киплинг
Чарльз Диккенс
Джозеф Хеллер
Эрнест Хемингуэй
Дафна Дюморье
О. Генри
Салман Рушди
Кристофер Бакли
Вашингтон Ирвинг
Джон Уиндем
Агата Кристи
Том Клэнси
Майкл Муркок
Томас Манн
Уильям Шекспир
Эмили Бронте
Харлан Эллисон
Сомерсет Моэм
Эжен Ионеско
Джон Ирвинг
Джоан Роулинг
Джон Стейнбек
Артур Конан Дойл
 
Answer Stats
Answer % Correct
Джейн Остин
73%
Льюис Кэрролл
45%
Джоан Роулинг
45%
Артур Конан Дойл
45%
Ян Флеминг
27%
Джордж Байрон
27%
Редьярд Киплинг
27%
Чарльз Диккенс
27%
Уильям Шекспир
27%
Джером К. Джером
18%
Герберт Уэллс
18%
Агата Кристи
18%
Эмили Бронте
18%
Сомерсет Моэм
18%
Джон Голсуорси
9%
Дуглас Адамс
9%
Шарлотта Бронте
9%
Ник Хорнби
9%
Дафна Дюморье
9%
Салман Рушди
9%
Майкл Муркок
9%
Клайв Льюис
9%
Артур Кларк
0%
Том Стоппард
0%
Джон Уиндем
0%
No matching quizzes found
Score Distribution
Percent of People with Each Score
Percentile by Number Answered
Your Score History
You have not taken this quiz